北京市朝阳区行政区划2 - Statistics

General Stats
  • This quiz has been taken 28 times
  • The average score is 25 of 43
Answers on the Map
Answers color-coded by a green-red scale on the quiz's map according to % correct below.
 
Answer Stats
Answer % Correct
望京
80%
朝外
80%
垡头
80%
三里屯
80%
孙河
80%
来广营
70%
双井
70%
首都机场
70%
小红门
70%
香河园
70%
太阳宫
70%
建外
70%
团结湖
70%
安贞
70%
东坝
70%
十八里店
60%
潘家园
60%
亚运村
60%
和平街
60%
酒仙桥
60%
呼家楼
60%
大屯
60%
奥运村
60%
小关
60%
六里屯
50%
金盏
50%
将台
50%
南磨房
50%
东风
50%
平房
50%
崔各庄
50%
王四营
50%
常营
50%
劲松
50%
左家庄
50%
高碑店
50%
东湖
40%
管庄
40%
八里庄
40%
麦子店
40%
黑庄户
30%
三间房
30%
豆各庄
30%
No matching quizzes found
Score Distribution
Percent of People with Each Score
Percentile by Number Answered
Your Score History
You have not taken this quiz